Loading...
Current Events | 4 | 15.00 | 100% | 25% | 25% |
Fine Arts - Classical Music | 4 | 15.00 | 100% | 25% | 25% |
Fine Arts - Other Fine Arts | 9 | 13.33 | 100% | 33% | 0% |
Fine Arts - Painting and Sculpture | 3 | 16.67 | 67% | 67% | 33% |
Geography | 4 | 12.50 | 100% | 25% | 0% |
History - American History | 5 | 14.00 | 100% | 40% | 0% |
History - European History | 4 | 15.00 | 100% | 25% | 25% |
History - Other History | 4 | 17.50 | 100% | 50% | 25% |
History - World History | 6 | 15.00 | 100% | 50% | 0% |
Literature - Drama | 2 | 20.00 | 100% | 100% | 0% |
Literature - Long Fiction | 7 | 12.86 | 86% | 43% | 0% |
Literature - Misc Literature | 2 | 20.00 | 100% | 50% | 50% |
Literature - Poetry | 5 | 18.00 | 100% | 80% | 0% |
Literature - Short Fiction | 2 | 25.00 | 100% | 100% | 50% |
Mythology | 4 | 20.00 | 100% | 75% | 25% |
Other Academic | 5 | 16.00 | 100% | 60% | 0% |
Philosophy | 8 | 13.75 | 100% | 38% | 0% |
Religion | 3 | 10.00 | 100% | 0% | 0% |
Science - Biology | 4 | 17.50 | 100% | 75% | 0% |
Science - Chemistry | 6 | 15.00 | 100% | 50% | 0% |
Science - Other Science | 5 | 14.00 | 80% | 40% | 20% |
Science - Physics | 2 | 10.00 | 100% | 0% | 0% |
Social Science | 10 | 15.00 | 80% | 60% | 10% |